Thomas Kuhn és a hermeneutika

Elmentve itt :
Bibliográfiai részletek
Szerző: Schwendtner Tibor
Adatforrás:Philobibl
Forrásdokumentuma:Replika
2000:41-42. p. 139-148.
Dokumentumtípus: Cikk
Nyelv:magyar
Kulcsszavak:lételmélet
ontológia
tudományfilozófia
hermeneutika
Kuhn, Th.
LEADER 00430nab a2200157 c 4500
001 bibPHI0037907
005 20200924123908.8
008 100514s2000 hu hun
100 1 |a Schwendtner Tibor 
245 1 0 |a Thomas Kuhn és a hermeneutika  |c Schwendtner Tibor 
695 |a lételmélet 
695 |a ontológia 
695 |a tudományfilozófia 
695 |a hermeneutika 
695 |a Kuhn, Th. 
773 0 |t Replika  |g 2000:41-42. p. 139-148.